Clothes Picture Chain Quiz - Statistics

General Stats
  • This quiz has been taken 430 times
  • The average score is 7 of 12
Answer Stats
Picture Answer % Correct
scarf
96%
belt
90%
earring
90%
apron
81%
kilt
73%
tights
61%
gown
60%
fedora
58%
negligée
20%
niqab
20%
tunic
15%
cassock
10%
No matching quizzes found
Score Distribution
Percent of People with Each Score
Percentile by Number Answered
Your Score History
You have not taken this quiz